Agenda Civil del Estado de Mx̌ico 2017

Detalles Bibliográficos
Formato: eBook
Lenguaje:español
Publicado: Mx̌ico DF: Ediciones Fiscales ISEF, 2017
Materias:
Acceso en línea:Acceso restringido

MARC

LEADER 00000nam a22000007a 4500
005 20170606233030.0
007 cr|||| ||||
008 170606s2017 mx |||||s|||| 00||0 spa d
020 |a 978-607-406-909-9 
035 |a 20328 
040 |a vLex 
090 |c 6756  |d 6756 
245 0 0 |a Agenda Civil del Estado de Mx̌ico 2017  |h [Recurso electrn̤ico] / 
256 |a Servicio en ln̕ea 
260 |a Mx̌ico DF:  |b Ediciones Fiscales ISEF,  |c 2017 
300 |a 1 recurso electrn̤ico 
506 1 |a Disponible solo en los productos indicados  |d vLex Global  |d vLex Global (Academic Edition, excluding Law Schools)  |d vLex Global (U.S. Academic Edition, Law Schools)  |d vLex Global (U.S. Academic Edition, excluding Law Schools)  |d vLex Global (Academic Edition, Law Schools) 
650 0 4 |a Derecho Civil  |z Mx̌ico 
650 0 4 |a Procedimiento Civil  |z Mx̌ico 
650 0 4 |a Derecho Constitucional  |z Mx̌ico 
740 0 |a vLex Libros (Servicio en ln̕ea) 
856 4 0 |u http://vlex.com/source/agenda-civil-estado-mexico-2017-20328  |z Acceso restringido 
942 |c BOOK 
999 0 |a Civil law 
999 0 |a Civil Procedure 
999 0 |a Constitutional Law